Haltestellen von Flixbus in Deutschland - Statistiken

Allgemein
  • Dieses Quiz wurde 96 mal gespielt
  • Das Durchschnittsergebnis liegt bei 6 aus 17
Answers on the Grid
Answers color-coded by a green-red scale on the quiz's grid according to % correct below.
Hamburg
München
Emden
Bottrop
Pforzheim
Rust
Uplengen
Darmstadt
Cloppenburg
Ibbenbühren
Grevenbroich
Rheine
Hannover
Offenbach
Bremerhaven
Wismar
Heidenheim
Krefeld
Göttingen
Karlsruhe
Hagen
Stuttgart
Stralsund
Recklinghausen
Wolfsburg
Braunschweig
Dortmund
Zwickau
Papenburg
Nürnberg
 
Antwortstatistiken
Antwort % Korrekt
München
70%
Stuttgart
68%
Hamburg
67%
Dortmund
65%
Hannover
65%
Nürnberg
61%
Braunschweig
42%
Karlsruhe
42%
Darmstadt
41%
Göttingen
24%
Zwickau
18%
Pforzheim
11%
Stralsund
9%
Wismar
8%
Emden
6%
Rheine
2%
Uplengen
2%
Keine übereinstimmenden Quizze gefunden
Verteilung der Resultate
Anzahl Personen mit jedem Resultat
Perzentil nach korrekt beantworteten Fragen
Ihre Resultats-Entwicklung
Sie haben dieses Quiz noch nicht gespielt